Регионална библиотека "Любен Каравелов" - Русе

На Шипка всичко е спокойно (Запис номер 141773)

MARC детайли
000 -Лидер
Контролно поле с фиксирана дължина 01533nam a2200325 c 4500
003 - Код на организацията, давaща контролен номер
Контролно поле BLK
005 - Дата и час на последна редакция
Контролно поле 20210202143924.0
008 - Елементи от данни с фиксирана дължина
fixed length control field 180409b bul|||||r ||||||| ||bul||
010 ## - Наследен системен номер
LC control number KNG00147847000
040 ## - Източник на каталожния запис
Идентификатор на билиотеката - собственик на записа BLK
041 ## - Код за език
Код за езика на текст/звукозапис или на отделно заглавие Български
Код за езика КДБФ Български
080 ## - УДК
Текстов определител УДК Българска литература
УДК код - определител по УДК 821.163.2
УДК определител -93-32
УДК - код + определител 821.163.2-93-32
100 1# - Редна дума - Автор
Автор Поптонев, Стефан Димов
Авторска отговорност първи автор
R(LIN) 364976
139 ## - Редно поле
Редна дума Поптонев, Стефан Димов
Авторски знак Попт - П 78
245 10 - Сведения за заглавието
Заглавие На Шипка всичко е спокойно
Подзаглавни данни Ист. разказ за деца
Редно поле (дума) Стефан Димов Поптонев; нарис. Венелин Димитров Вълканов.
257 ## - Страна на издаване
Страна на създаване/издаване България
260 ## - Област на издателските данни
Име на издателя, разпространителя и проч. Отечество
Година на издаване 1978
Място на издаване, разпространение и проч. София
Печатница ДП Балкан
300 ## - Физическа характеристика
Страници 32 с.
Илюстрации и др. с ил.
Размери/Мащаб 32 см
380 ## - Жанр
Жанр Детска худож. лит.
490 ## - СЕРИИ (Колекции)
Име на серия Библиотека България древна и млада
9 (RLIN) 203851
500 ## - Общи забележки
Забележка Кор. опис. - 110 100 тир.
650 #4 - Допълнително описание по предмет – тема
Основно описание – тема или топоним Руско-турска освободителна война 1877 - 1878 - в художествена литература
9 (RLIN) 279692
653 ## - Ключова дума – ненормативна
Ключова дума Руско-турска освободителна война 1877-1878
700 1# - Други автори (авторска отговорност)
Лично име Вълканов, Венелин Димитров
Автороска отговорност (Описва отношението между автора и произведението) нарис.
9 (RLIN) 366810
852 ## - Местоположение
Форматна сигнатура Цб ІІ 18556
856 4# - Електронен адрес и достъп
Електронен формат pdf - файл
856 4# - Електронен адрес и достъп
Електронен формат pdf - файл
999 ## - СИСТЕМНИ КОНТРОЛНИ НОМЕРА
Koha biblionumber 141773
Koha biblioitemnumber 141773
942 ## - АРТИКУЛИ
Вид на библиотечния материал Книги
Скрит в OPAC Не
Koha issues (borrowed), all copies 2
Периодичен библиозапис Да
944 ## - СЪЗДАВАНЕ И РЕДАКЦИЯ на ЗАПИСА
Създаване/Редакция Създаване
Дата на регистрацията/редакция 31.07.2013
Статус, дата на статуса 31.07.2013 - от С1,Р / 31.07.2013
Служител, извършил регистрацията/редакцията Елиза_Атанасова
944 ## - СЪЗДАВАНЕ И РЕДАКЦИЯ на ЗАПИСА
Създаване/Редакция Редакция
Дата на регистрацията/редакция 12.09.2017
Статус, дата на статуса 31.07.2013 - от С1,Р / 31.07.2013
Служител, извършил регистрацията/редакцията Севдалина_Василева
999 ## - СИСТЕМНИ КОНТРОЛНИ НОМЕРА
Koha biblioitemnumber 141773
Наличности
Код за отписване Код за изгубен артикул Източник на класификационната схема Код за повреда Коз за рестрикции Код за отдаване Артикулен № Име на библиотеката - собственик Име на библиотеката, в която се намира в момента Статус (Текущо местоположение) Дата на вписване в системата Местоположение - отдел Цена в лева Инвентарен номер Систематично азбучна сигнатура Баркод Номер на екземпляра Цена в евро Служебна бележка Служебен тип на артикула Бележка за публиката
  Не е изгубен Universal Decimal Classification Не е повреден без рестрикции ползва се в читалня 233855 Регионална библиотека "Любен Каравелов" Русе Регионална библиотека "Любен Каравелов" Русе Хранилище 1978-01-01 Хранилище 0.55 251015 Цб ІІ 18556 120000251015 1 0.28 Вид: Сф N: стар фонд Дата: 01.01.1978 Книги  
Изтеглен Не е изгубен Universal Decimal Classification Не е повреден без рестрикции заемане за дома 233856 Регионална библиотека "Любен Каравелов" Русе Регионална библиотека "Любен Каравелов" Русе Детски отдел 1978-01-01 Детски отдел 0.55 284824 ДХ 886.7/П 78 284824 2 0.28 Вид: Сф N: стар фонд Дата: 01.01.1978 Дата инв: 08.10.2015 Бележки инв: Д2015 Книги  
Изтеглен Не е изгубен Universal Decimal Classification Не е повреден без рестрикции заемане за дома 233857 Регионална библиотека "Любен Каравелов" Русе Регионална библиотека "Любен Каравелов" Русе Детски отдел 1978-01-01 Детски отдел 0.55 284830 ДХ 886.7/П 78 284830 3 0.28 Вид: Сф N: стар фонд Дата: 01.01.1978 Дата инв: 17.09.2015 Бележки инв: Д2015 Книги  
Изтеглен Не е изгубен   Не е повреден без рестрикции заемане за дома 233858 Регионална библиотека "Любен Каравелов" Русе Регионална библиотека "Любен Каравелов" Русе Детски отдел 1978-01-01 Детски отдел 0.55 284832 ДХ 886.7/П 78 284832 4 0.28 Вид: Сф N: стар фонд Дата: 01.01.1978 Дата инв: 09.09.2015 Бележки инв: Д2015 Книги  
Изтеглен Не е изгубен   Не е повреден без рестрикции заемане за дома 233859 Регионална библиотека "Любен Каравелов" Русе Регионална библиотека "Любен Каравелов" Русе   1978-01-01 Детски отдел 0.55 284833 ДХ 886.7/П 78 284833 5 0.28 Вид: Сф N: стар фонд Дата: 01.01.1978 Дата инв: 09.09.2015 Бележки инв: Д2015 Книги Отч.N: 28/2017 , Дата: 16.08.2017
Vip Innovations Ltd, Rousse, Bulgaria 2025